00490nam a22001457a 4500020001800000040000900018082001700027100002500044245004100069260004800110650004900158942001200207999001900219952010600238 a9780471572558 cNust a670.427bASF aC.Ray Asfahl9126330 aRobots and manufacturing automation  aNew York:bJohn Willey and sons Inc,c1992. aRobots and manufacturing automation 9126331 2ddccBK c612027d612027 00102ddc4070aCEMEbCEMEcGENd2024-10-09l0o670.427 ASFpCEME- 32405r2024-10-09w2024-10-09yBK